000 00889nam a22002777a 4500
003 CHAP
005 20220329134526.0
008 971013s r 00010 d
010 _a21630
011 _a22602
035 _a26697
040 _cCHAP
090 _aR-2678
100 0 0 _aAshman, F.
_97927
245 _aAshman-simon infestation detector
_b: an instrument for detecting insects within food grains
500 _aSobretiro de: Milling 151 (3):32,34,36, 1969
590 _aBATCH-UPD
_b10
_c20130110
_lUCH01
_h2023
590 _aBATCH-UPD
_b10
_c20130410
_lUCH01
_h1340
590 _aBATCH-UPD
_b10
_c20130914
_lUCH01
_h1204
590 _aCONVERSION
_b10
_c20130109
_lUCH01
_h1313
650 1 4 _aDetección de insectos.
_932207
650 1 4 _aProductos agrícolas
_xAlmacenamiento
_xPlagas.
_991899
901 _aBK
942 _cREIMP
949 _aR-2678
_bBC
_cR
_d-61554
_eTS1
_i26697
_si
999 _c21630
_d21630